| 000 | 00534nab a2200145Ia 4500 | ||
|---|---|---|---|
| 003 | ES-SlBCS | ||
| 005 | 20210601125501.0 | ||
| 008 | 140529s1996 xxu||||| |||| 00| 0 eng d | ||
| 041 | _aeng | ||
| 100 | 1 |
_aBlanchard, Kernneth C. Jr _9159188 |
|
| 245 | 0 | 0 |
_aBeing, Seeing, and Touching: Machiavelli's Modification of Platonic Epistemology _c Kernneth C. Jr Blanchard |
| 600 | 1 |
_aMaquiavelo, Nicolás-Epistemología Platónica _9159189 |
|
| 773 | 0 |
_tReview of Methaphysics _gvol. 49/3, nº. 195, 1996, págs. 577-607 _wRev843 |
|
| 942 | _cAR | ||
| 999 |
_c531074 _d531074 |
||